Textos escogidos de Max Weber
Tallennettuna:
| Yhteisötekijä: | |
|---|---|
| Aineistotyyppi: | Teksti |
| Julkaistu: |
San José:
CSUCA
|
| Tagit: |
Lisää tagi
Ei tageja, Lisää ensimmäinen tagi!
|
MARC
| LEADER | 00000 a a2200000 04500 | ||
|---|---|---|---|
| 001 | 21551 | ||
| 003 | |||
| 040 | |||
| 090 | |a 095400 | ||
| 110 | |a CSUCA | ||
| 245 | |a Textos escogidos de Max Weber | ||
| 260 | |a San José: |b CSUCA | ||
| 300 | |a p. irreg. | ||
| 500 | |a Antología de textos escogidos de Max Weber. Contiene: "Protestantische ethik" de la página 5 a la 80 y los apartados: conceptos sociológicos fundamentales, economía y sociedad en general, las comunidades políticas y sociología de la dominación | ||
| 999 | |c 8678 |d 8678 | ||
